000 00631nam a22002057a 4500
003 OSt
005 20240530110423.0
008 150315s2006 ca ao f 001 0 eng d
020 _a9036617006
040 _aEG-CaGPL
_cEG-CaGPL
082 0 4 _221
_a608
_bRef/M D
100 1 _aMeidenbauer , Jorg
245 1 0 _aDiscoveries and Inventions :
_bFrom Prehistoric To Modern Times /
_cEdited by Jorg Meidenbauer
260 _aNetherlands :
_bREBO Publishers ,
_c2006
300 _a400 P. :
_bcol. ill. , photos ;
_c32 cm.
650 0 _aTECHNOLOGY
650 0 _aINVENTORS - DICTIONARY
942 _2ddc
_cBK
999 _c60693
_d60693